Weiter zum Inhalt

Налоговое право учебник для спо

В настоящем учебнике рассматриваются основные положения налогового права, его методы и источники, приведена классификация норм налогового права, подробно описаны налоговые правоотношения, общие правила исполнения обязанности по уплате налогов и сборов, представлены формы и виды налогового контроля....

Ausführliche Beschreibung

Gespeichert in:
Bibliographische Detailangaben
1. Verfasser: Елизарова, Н. В. (070)
Format: Книга
Schlagworte:
Online Zugang:Перейти к просмотру издания
Tags: Tag hinzufügen
Keine Tags, Fügen Sie den ersten Tag hinzu!
LEADER 03013nam0a2200385 4500
001 RU/IPR SMART/135021
856 4 |u https://www.iprbookshop.ru/135021.html  |z Перейти к просмотру издания 
801 1 |a RU  |b IPR SMART  |c 20250903  |g RCR 
010 |a 978-5-4488-1747-2, 978-5-4497-2566-0 
205 |a Налоговое право  |b Весь срок охраны авторского права 
333 |a Весь срок охраны авторского права 
100 |a 20250903d2024 k y0rusy01020304ca 
105 |a y j 000zy 
101 0 |a rus 
102 |a RU 
200 1 |a Налоговое право  |e учебник для спо  |f Н. В. Елизарова 
700 1 |a Елизарова,   |b Н. В.  |4 070 
330 |a В настоящем учебнике рассматриваются основные положения налогового права, его методы и источники, приведена классификация норм налогового права, подробно описаны налоговые правоотношения, общие правила исполнения обязанности по уплате налогов и сборов, представлены формы и виды налогового контроля. Подготовлен с учетом требований Федерального государственного образовательного стандарта среднего профессионального образования. Предназначен для студентов, обучающихся по специальностям среднего профессионального образования укрупненной группы «Юриспруденция», изучающих дисциплину «Налоговое право». Также будет полезен для преподавателей юридических учебных заведений, практикующих работников, специалистов, интересующихся современным налоговым законодательством. 
210 |a Саратов, Москва  |c Профобразование, Ай Пи Ар Медиа  |d 2024 
610 1 |a налоговое право 
610 1 |a налоговые правоотношения 
610 1 |a сборы 
610 1 |a налоговый контроль 
610 1 |a налоговая проверка 
610 1 |a налоговые правоотношения 
610 1 |a юриспруденция 
675 |a 347.73 
686 |a 67.402  |2 rubbk 
300 |a Книга находится в премиум-версии IPR SMART. 
106 |a s 
230 |a Электрон. дан. (1 файл) 
336 |a Текст 
337 |a электронный 
503 0 |a Доступна эл. версия. IPR SMART 
215 |a 143 с.